| 000 | 00791nam a22002172 4500 | ||
|---|---|---|---|
| 001 | 0000005936 | ||
| 005 | 20151217155829.0 | ||
| 008 | 070810s xx 000 0 eng d | ||
| 020 |
_a0821332988 : _cKES 800 |
||
| 040 |
_aKABU _cKABU |
||
| 050 | 0 |
_aHC800 _b.A47 |
|
| 245 | 1 | 0 |
_aAfrica's experience with structural adjjjustment : _bproceedings of the Harare seminar, May 23-24 / _cedited by Kapil Kapoor. |
| 260 |
_aWashington, DC : _bWorld Bank, _c1995. |
||
| 300 | _avii, 142 p. | ||
| 650 | 0 |
_aStructural adjustment (Economic policy) _zAfrica _xCongresses. _@0000157250 |
|
| 700 | 1 |
_aKapoor, Kapil. _@0000157251 |
|
| 710 | 2 |
_aInternational Bank for Reconstruction and Development. _@0000153632 |
|
| 908 | _a070810 | ||
| 950 | _@1 | ||
| 999 |
_c13003 _d13003 |
||